000 00440nam a2200169Ia 4500
008 221030s9999 xx 000 0 und d
020 _a0070473714
041 _aEnglish
082 _a105.23
_bNew
100 _aW. N. Newman
245 0 _aPrinciples of Interactive Computer Graphics
_cby W. N. Newman, R. F. Sproull
260 _bTMH
_aNew Delhi
_c2002
300 _a541
650 _aBE Computer
700 _aR. F. Sproull
942 _cBK
999 _c8068
_d8068